000 00612nam a2200193Ia 4500
003 GCL
008 140319s9999 xx 000 0 ara d
040 _aGCL /
_cGCL
082 0 4 _a819
_bم ا
100 1 _aمحمد عمارة
245 1 0 _aابوحيان التوحيدى بين الزندقة والابداع /
_cمحمد عمارة
300 _a55 ص
490 _aفى التنوير الاسلامى
_v0
650 0 4 _aالادب العربى
650 0 4 _aالفلسفة الاسلامية
650 0 4 _aالبلاغة العربية
650 0 4 _aابوحيان التوحيدى
942 _2ddc
_cBK
999 _c49537
_d49537